| 000 | 01175nam a2200301 i 4500 | ||
|---|---|---|---|
| 001 | 105052 | ||
| 003 | ES-MaACL | ||
| 005 | 20231222172309.0 | ||
| 007 | t| | ||
| 008 | 060607s1967 sp a |||| | spa d | ||
| 080 | _a75(642 Tet.)"19"(083.82) | ||
| 080 | _a73(642 Tet.)"19"(083.82) | ||
| 245 | 0 | 0 |
_a6 pintores de Tetuán _b: [exposición, Sala de Santa Catalina del Ateneo de Madrid, marzo y abril de 1967] / _c[texto: Carlos Areán]. |
| 246 | 2 | _aSeis pintores de Tetuán | |
| 260 |
_a[Madrid] : _bPublicaciones Españolas, _c[1967] |
||
| 300 |
_a[42] p. : _bil. ; _c23 cm. |
||
| 490 | 1 |
_aCuadernos de arte. Serie divulgación ; _v74 |
|
| 610 | 2 | 7 |
_aAteneo de Madrid- _vExposiciones- _y1960-1969. _91920 |
| 650 | 1 | 4 |
_aEscultura- _zTetuán- _yS.XX- _vExposiciones. _912429 |
| 650 | 1 | 4 |
_aPintura- _zTetuán- _yS.XX- _vExposiciones. _916013 |
| 655 | 7 |
_2tgfbne _9193628 _aCatálogos de exposiciones |
|
| 700 | 1 |
_aAreán, Carlos, _d1921-1996 _922562 |
|
| 710 | 2 |
_aAteneo de Madrid. _bSala de Santa Catalina. _91964 |
|
| 830 | 0 |
_aCuadernos de arte. Serie divulgación ; _v74 _9184876 |
|
| 852 |
_aES-MaACL _j2204-F-40 |
||
| 942 | _2udc | ||
| 999 |
_c105052 _d105052 |
||